[Event "Washington Open"]
[Site "Chess.com"]
[Date "2020.05.24"]
[Round "?"]
[White "Orlov, Georgi"]
[Black "Qian, Daniel"]
[Result "1-0"]
[WhiteElo "2507"]
[BlackElo "1886"]
[PlyCount "113"]
[EventDate "2020.??.??"]

1. d4 d5 2. Nf3 Nf6 3. c4 e6 4. Nc3 Be7 5. Bg5 O-O 6. e3 h6 7. Bh4 Ne4 8. Bxe7
Qxe7 9. Qc2 Nxc3 10. Qxc3 c6 11. Bd3 Nd7 12. Rc1 Re8 13. cxd5 exd5 14. b4 Nb6
15. O-O a6 16. Rfe1 Be6 17. Nd2 Rad8 18. Qb3 f6 19. a4 Qf7 20. Qc2 Rc8 21. Bg6
Qd7 22. Bxe8 Rxe8 23. Ra1 Nc4 24. Nxc4 dxc4 25. Rad1 Qd6 26. Qc3 Bd5 27. e4
Rxe4 28. Rxe4 Bxe4 29. Qxc4+ Qd5 30. Qxd5+ Bxd5 31. f3 Kf7 32. Kf2 Bb3 33. Ra1
g5 34. Ra3 Bd5 35. Re3 h5 36. g3 Bc4 37. h4 gxh4 38. gxh4 Bd5 39. Kg3 Bc4 40.
Kf4 Bd5 41. Rc3 Kg6 42. Rc5 b6 43. Rc1 Kf7 44. Rc3 Ke6 45. Re3+ Kf7 46. Kf5 Ba2
47. Ra3 Be6+ 48. Kf4 Bc4 49. Re3 Ba2 50. b5 axb5 51. axb5 cxb5 52. Ra3 Bc4 53.
Ra6 b4 54. Rxb6 b3 55. Ke4 Ke7 56. d5 Kd7 57. Kd4 1-0

[Event "Washington Open"]
[Site "Chess.com"]
[Date "2020.05.23"]
[Round "?"]
[White "Kuhner, Mary"]
[Black "Sairam, Pranav"]
[Result "0-1"]
[WhiteElo "1878"]
[BlackElo "2087"]
[PlyCount "52"]
[EventDate "2020.??.??"]

1. e4 e5 2. Nf3 Nf6 3. Nc3 Nc6 4. Bc4 Nxe4 5. Bxf7+ Kxf7 6. Nxe4 d5 7. Neg5+
Kg8 8. d3 h6 9. Nh3 Qf6 10. c3 Be6 11. d4 e4 12. Nfg1 Bd6 13. f4 Qg6 14. Qc2
Kh7 15. Be3 Rhf8 16. O-O-O b5 17. g3 Rfb8 18. Nf2 b4 19. c4 b3 20. axb3 Nb4 21.
Qd2 dxc4 22. Ne2 Nd3+ 23. Nxd3 exd3 24. Nc3 Rxb3 25. Qg2 Rab8 26. Rd2 Rxc3+ 0-1

[Event "Washington Open"]
[Site "Chess.com"]
[Date "2020.05.24"]
[Round "?"]
[White "Shubin, Daniel"]
[Black "Kuhner, Mary"]
[Result "1-0"]
[WhiteElo "2161"]
[BlackElo "1878"]
[PlyCount "93"]
[EventDate "2020.??.??"]

1. e4 e6 2. d4 d5 3. Nc3 Bb4 4. exd5 exd5 5. Bd3 Ne7 6. Qf3 Nbc6 7. Nge2 Be6 8.
Bf4 Ng6 9. Bg3 Qd7 10. O-O O-O 11. h3 Be7 12. Rfe1 Bf6 13. Nb5 Rac8 14. c3 a6
15. Na3 Nce7 16. Nc2 Bf5 17. Nf4 Bxd3 18. Nxd3 b6 19. Re2 Qf5 20. Qxf5 Nxf5 21.
Ncb4 Nxg3 22. fxg3 Ne7 23. Nxa6 Nf5 24. g4 Ng3 25. Re3 Ne4 26. Nab4 c6 27. Nf2
Bg5 28. Re2 Ng3 29. Re5 Bf4 30. Re7 Bg5 31. Rb7 Rfe8 32. Rxb6 Bf4 33. Nfd3 Bc7
34. Rxc6 Ne2+ 35. Kf1 Ng3+ 36. Kf2 Ne4+ 37. Kg1 Ng3 38. a4 Ne2+ 39. Kf1 Ng3+
40. Kf2 Re2+ 41. Kg1 Rd2 42. Nf4 g5 43. Nbxd5 Rb8 44. Rxc7 Rbxb2 45. Re1 gxf4
46. Nxf4 Rf2 47. Re3 1-0

[Event "Washington Open"]
[Site "Chess.com"]
[Date "2020.05.23"]
[Round "?"]
[White "McNall, Kent"]
[Black "Lenderman, Aleksandr"]
[Result "0-1"]
[WhiteElo "1867"]
[BlackElo "2717"]
[PlyCount "46"]
[EventDate "2020.??.??"]

1. d4 Nf6 2. Bf4 d5 3. e3 c5 4. c3 Nc6 5. Bd3 Qb6 6. Qb3 c4 7. Qxb6 axb6 8. Bc2
b5 9. Nd2 b4 10. cxb4 Nxb4 11. Bb1 g6 12. h3 Bf5 13. a3 Bxb1 14. Rxb1 Nd3+ 15.
Ke2 Nxf4+ 16. exf4 Bg7 17. Ke3 O-O 18. Ne2 b5 19. g4 Rfb8 20. g5 Ne8 21. Nc3 e6
22. Rhc1 Nd6 23. Nf3 Nf5+ 0-1

[Event "Washington Open"]
[Site "Chess.com"]
[Date "2020.05.24"]
[Round "?"]
[White "McNall, Kent"]
[Black "Whale, Nicholas"]
[Result "0-1"]
[WhiteElo "1867"]
[BlackElo "2065"]
[PlyCount "49"]
[EventDate "2020.??.??"]

1. d4 Nf6 2. Bf4 g6 3. c4 Bg7 4. Nc3 d6 5. e4 O-O 6. Qd2 c5 7. d5 Na6 8. Bh6
Nc7 9. Bxg7 Kxg7 10. Bd3 e6 11. Nge2 Rb8 12. f4 exd5 13. cxd5 b5 14. b3 Re8 15.
Ng3 b4 16. Nce2 Bg4 17. Qc2 h5 18. O-O-O h4 19. h3 Bd7 20. Nf1 Bb5 21. g4 Bxd3
22. Qxd3 Nxe4 23. Qf3 Qf6 24. Kb1 Nb5 25. Kc2 0-1

[Event "Washington Open"]
[Site "Chess.com"]
[Date "2020.05.24"]
[Round "?"]
[White "Cohen, Lawrence"]
[Black "Zhang, Zachary T"]
[Result "0-1"]
[WhiteElo "2000"]
[BlackElo "1863"]
[PlyCount "62"]
[EventDate "2020.??.??"]

1. c4 f5 2. g3 Nf6 3. Bg2 g6 4. Nc3 Bg7 5. e3 O-O 6. Nge2 d6 7. O-O e5 8. d4 c6
9. b3 Na6 10. Ba3 e4 11. d5 c5 12. f3 exf3 13. Bxf3 Qe7 14. Qd2 Re8 15. Kf2
Ne4+ 16. Bxe4 fxe4 17. Kg2 Bg4 18. Ng1 Nb4 19. h3 Bd7 20. Rad1 Nd3 21. Kh2 Rf8
22. Nce2 g5 23. Nc1 Ne5 24. Bb2 g4 25. Bxe5 Bxe5 26. Qg2 Rf3 27. Nxf3 gxf3 28.
Qf2 Qh4 29. Rh1 Bxh3 30. Kg1 Bxg3 31. Qf1 f2+ 0-1

[Event "Washington Open"]
[Site "Chess.com"]
[Date "2020.05.25"]
[Round "?"]
[White "Sohal, Tanraj"]
[Black "Zhang, Zachary T"]
[Result "1/2-1/2"]
[WhiteElo "2326"]
[BlackElo "1863"]
[PlyCount "92"]
[EventDate "2020.??.??"]

1. d4 f5 2. c4 Nf6 3. Nf3 g6 4. g3 Bg7 5. Bg2 O-O 6. O-O d6 7. b3 c6 8. Bb2 Na6
9. Nbd2 e5 10. dxe5 Nd7 11. a3 dxe5 12. Qc2 e4 13. Ne1 Ne5 14. Rd1 Qe7 15. Nb1
Be6 16. Bc3 Rad8 17. Rxd8 Rxd8 18. Qb2 Bc8 19. Nc2 Nc7 20. Ne3 b5 21. Qc2 Ba6
22. Bb4 c5 23. Ba5 Rd4 24. cxb5 Bxb5 25. Rc1 Ne6 26. a4 Ba6 27. Bc3 Rd8 28.
Bxe5 Bxe5 29. Nc4 Nd4 30. Qa2 Bg7 31. Bf1 Bh6 32. e3 Nf3+ 33. Kh1 Qg5 34. b4
Kh8 35. bxc5 Qh5 36. h3 Bc8 37. Nd6 f4 38. Nf7+ Kg7 39. Nxd8 Bxh3 40. Qf7+ Kh8
41. Qe8+ Kg7 42. Qe7+ Kg8 43. Qe8+ Kg7 44. Qe7+ Kg8 45. Qf7+ Kh8 46. Qe8+ Kg7
1/2-1/2

[Event "Washington Open"]
[Site "Chess.com"]
[Date "2020.05.25"]
[Round "?"]
[White "Zhang, Zachary T"]
[Black "Anand, Vignesh"]
[Result "1/2-1/2"]
[WhiteElo "1863"]
[BlackElo "2080"]
[PlyCount "92"]
[EventDate "2020.??.??"]

1. d4 Nf6 2. Nf3 e6 3. b3 d5 4. e3 c5 5. Bd3 Nbd7 6. Bb2 Bd6 7. O-O O-O 8. Nbd2
Qe7 9. Ne5 Ne8 10. f4 f5 11. c4 b6 12. Rc1 Bb7 13. cxd5 exd5 14. Bb5 Nef6 15.
Qf3 a6 16. Bxd7 Nxd7 17. Ndc4 dxc4 18. Qxb7 Nxe5 19. Qxe7 Bxe7 20. fxe5 cxb3
21. axb3 Rad8 22. Rcd1 Rd5 23. dxc5 Rxd1 24. Rxd1 Bxc5 25. Rd7 f4 26. e6 Re8
27. Rxg7+ Kf8 28. Rf7+ Kg8 29. Kf1 fxe3 30. Rg7+ Kf8 31. Rf7+ Kg8 32. Rg7+ Kf8
33. Rxh7 Rxe6 34. Ke2 Re4 35. Bc3 Rf4 36. Be1 a5 37. Rd7 a4 38. g3 Re4 39. Kf3
Re8 40. bxa4 Ra8 41. h4 Rxa4 42. h5 Ra1 43. Ke2 Ra2+ 44. Kf3 Ra1 45. Ke2 Ra2+
46. Kf3 Ra1 1/2-1/2

[Event "Washington Open"]
[Site "Chess.com"]
[Date "2020.05.23"]
[Round "?"]
[White "Orlov, Georgi"]
[Black "Narendra, Rithwik"]
[Result "0-1"]
[WhiteElo "2507"]
[BlackElo "1809"]
[PlyCount "164"]
[EventDate "2020.??.??"]

1. e4 e5 2. Nf3 Nc6 3. Bb5 a6 4. Ba4 Nf6 5. O-O b5 6. Bb3 Be7 7. Re1 d6 8. c3
O-O 9. d4 Bb7 10. Nbd2 exd4 11. cxd4 Nb4 12. Re3 c5 13. a3 Nc6 14. d5 Ne5 15.
Nxe5 dxe5 16. Rg3 c4 17. Bc2 Bc5 18. Nf1 Bd4 19. Qf3 Ne8 20. Rb1 f5 21. Bg5 Nf6
22. Qxf5 Bc8 23. Qf3 Qb6 24. Ne3 Ng4 25. Nf5 Bxf2+ 26. Kh1 Bxf5 27. exf5 Bxg3
28. Qxg4 Bf4 29. Be7 Rf7 30. d6 Rxe7 31. dxe7 Re8 32. Rd1 Qh6 33. h4 Rxe7 34.
Rd8+ Kf7 35. Be4 Re8 36. Rd7+ Kf8 37. Rc7 Rd8 38. g3 Bc1 39. b3 Bxa3 40. bxc4
Bd6 41. Rb7 Bc5 42. Bg2 b4 43. Kh2 Be7 44. c5 Bxc5 45. Qc4 Be7 46. Ra7 Qe3 47.
Rxa6 b3 48. Qb5 e4 49. Qe5 Qd4 50. Qxe4 b2 51. f6 Bxf6 52. Qxh7 Qd3 53. Qxd3
Rxd3 54. Rb6 Be5 55. Be4 Rxg3 56. Kh1 Rg4 57. Bd3 Rxh4+ 58. Kg2 Rf4 59. Rb5 Bf6
60. Kg3 g5 61. Bc2 Ke7 62. Bg6 Kd6 63. Kg2 Kc6 64. Be8+ Kd6 65. Bg6 g4 66. Rb6+
Kc5 67. Re6 Bh4 68. Re2 Rb4 69. Bb1 Kd4 70. Rd2+ Ke3 71. Rd3+ Ke2 72. Rd5 Rf4
73. Bd3+ Ke1 74. Rb5 Rf2+ 75. Kg1 Kd1 76. Rb4 Rd2 77. Bf5 Bf2+ 78. Kf1 g3 79.
Rc4 b1=Q 80. Bxb1 Bb6 81. Bc2+ Rxc2 82. Rd4+ Rd2 0-1

[Event "Washington Open"]
[Site "Chess.com"]
[Date "2020.05.23"]
[Round "?"]
[White "Whale, Nicholas"]
[Black "Narendra, Rithwik"]
[Result "0-1"]
[WhiteElo "2065"]
[BlackElo "1809"]
[PlyCount "82"]
[EventDate "2020.??.??"]

1. Nf3 Nf6 2. c4 g6 3. Nc3 c5 4. g3 Nc6 5. Bg2 Bg7 6. O-O O-O 7. d4 cxd4 8.
Nxd4 Qb6 9. Nc2 d6 10. Rb1 Be6 11. b3 Nd7 12. Bb2 f5 13. Nd5 Bxd5 14. Bxd5+ Kh8
15. Bxg7+ Kxg7 16. Bxc6 bxc6 17. Nd4 Rf6 18. e3 e5 19. Ne2 Nc5 20. Qc2 Ne4 21.
b4 a5 22. b5 Rc8 23. Qd3 cxb5 24. Rxb5 Qc6 25. Nc3 Nxc3 26. Rxa5 Qxc4 27. Ra7+
Kg8 28. Qd2 Ne4 29. Qa5 Rf7 30. Ra8 Rxa8 31. Qxa8+ Kg7 32. a4 Nd2 33. Rd1 Qe2
34. Rc1 Nf3+ 35. Kg2 Ne1+ 36. Kg1 f4 37. exf4 exf4 38. Qd5 Nf3+ 39. Kg2 fxg3
40. hxg3 Ne1+ 41. Rxe1 Qxf2+ 0-1

[Event "Washington Open"]
[Site "Chess.com"]
[Date "2020.05.24"]
[Round "?"]
[White "Narendra, Rithwik"]
[Black "Mahajan, Rushaan"]
[Result "1/2-1/2"]
[WhiteElo "1809"]
[BlackElo "2208"]
[PlyCount "32"]
[EventDate "2020.??.??"]

1. e4 c6 2. Nc3 d5 3. Nf3 Bg4 4. h3 Bxf3 5. Qxf3 e6 6. d4 Nd7 7. exd5 cxd5 8.
Bd3 a6 9. O-O Bd6 10. Re1 Be7 11. Qg3 g6 12. Bf4 Ngf6 13. Bh6 Bf8 14. Bg5 Be7
15. Bh6 Bf8 16. Bg5 Be7 1/2-1/2

[Event "Washington Open"]
[Site "Chess.com"]
[Date "2020.05.24"]
[Round "?"]
[White "Narendra, Rithwik"]
[Black "Huang, Patrick"]
[Result "1-0"]
[WhiteElo "1809"]
[BlackElo "2247"]
[PlyCount "55"]
[EventDate "2020.??.??"]

1. e4 g6 2. Nf3 Bg7 3. Nc3 d6 4. d4 a6 5. Be3 b5 6. Bd3 Bb7 7. O-O Nd7 8. d5 c5
9. dxc6 Bxc6 10. Nd4 Bb7 11. a4 b4 12. Nd5 Ngf6 13. Nxb4 Bxe4 14. Bxa6 Qa5 15.
c3 O-O 16. Bb5 Qc7 17. a5 Rxa5 18. Rxa5 Qxa5 19. Bxd7 Nxd7 20. Ndc6 Qb5 21.
Nxe7+ Kh8 22. Qxd6 Nf6 23. f3 Bb7 24. Bd4 Qg5 25. Nd3 Bc8 26. f4 Ne8 27. Nxg6+
Kg8 28. fxg5 1-0

[Event "Washington Open"]
[Site "Chess.com"]
[Date "2020.05.23"]
[Round "?"]
[White "Semenov, Fedya"]
[Black "Lugovskoy, Maxim"]
[Result "0-1"]
[WhiteElo "1803"]
[BlackElo "2420"]
[PlyCount "172"]
[EventDate "2020.??.??"]

1. e4 e6 2. d4 d5 3. Nd2 Nf6 4. e5 Nfd7 5. Bd3 c5 6. c3 Nc6 7. Ne2 cxd4 8. cxd4
f6 9. exf6 Qxf6 10. Nf3 h6 11. a3 Bd6 12. O-O O-O 13. Be3 Rf7 14. Ng3 Nf8 15.
Rc1 Bd7 16. b4 a6 17. Qd2 Be8 18. Rfe1 Rc7 19. Bb1 Rac8 20. h3 Bg6 21. Bxg6
Nxg6 22. Nh2 Qh4 23. Nf3 Qf6 24. Nh2 Rf8 25. Ng4 Qh4 26. Qd3 Nge7 27. Bd2 h5
28. Rxe6 hxg4 29. Rxd6 gxh3 30. gxh3 Qxh3 31. Qe3 Qg4 32. Qe6+ Qxe6 33. Rxe6
Nf5 34. Nxf5 Rxf5 35. Kg2 Rcf7 36. Re8+ Rf8 37. Rxf8+ Kxf8 38. Be3 Ke7 39. Rc5
Kd6 40. b5 axb5 41. Rxb5 Kc7 42. Kg3 b6 43. a4 Na5 44. Rb1 Nc4 45. Bf4+ Kb7 46.
Re1 Rf7 47. Re8 Rd7 48. Rb8+ Ka7 49. Kf3 Nb2 50. a5 Nc4 51. axb6+ Nxb6 52. Kg4
Rf7 53. Rd8 Kb7 54. f3 Kc6 55. Rd6+ Kb7 56. Rd8 Kc6 57. Rd6+ Kb5 58. Be5 Ka5
59. Rg6 Nc4 60. f4 Ne3+ 61. Kf3 Nf5 62. Rg1 Kb4 63. Rc1 Ra7 64. Rc5 Ra3+ 65.
Kf2 g6 66. Rxd5 Kc4 67. Rc5+ Kd3 68. d5 Ke4 69. Rc4+ Kxd5 70. Rc2 Ne3 71. Rd2+
Ke6 72. Re2 Ng4+ 73. Kg2 Kf5 74. Bd6 Rd3 75. Be5 Ne3+ 76. Kf2 Nd5 77. Kg2 Kg4
78. Rb2 Ne3+ 79. Kh2 Kf3 80. Kh3 Rd1 81. Ra2 Rh1+ 82. Rh2 Rg1 83. f5 g5 84. f6
Nf5 85. Ra2 Rh1+ 86. Bh2 g4# 0-1

[Event "Washington Open"]
[Site "Chess.com"]
[Date "2020.05.24"]
[Round "?"]
[White "Razmov, Valentin"]
[Black "Semenov, Fedya"]
[Result "1-0"]
[WhiteElo "1986"]
[BlackElo "1803"]
[PlyCount "87"]
[EventDate "2020.??.??"]

1. Nf3 e6 2. g3 Nf6 3. Bg2 d5 4. c4 c5 5. O-O Nc6 6. a3 Qc7 7. Qc2 b6 8. d3 Bb7
9. cxd5 Nxd5 10. Nbd2 Be7 11. b3 Bf6 12. Bb2 Bxb2 13. Qxb2 O-O 14. Rac1 Qe7 15.
Nc4 Rac8 16. Rfd1 Rfd8 17. a4 Ndb4 18. Ra1 Nd4 19. Ne1 Bxg2 20. Kxg2 Qg5 21. e3
Qd5+ 22. f3 Ndc6 23. Qc3 Rd7 24. Rd2 Rcd8 25. Rad1 Qg5 26. Kf2 Nd5 27. Qb2 f6
28. Nc2 Ncb4 29. d4 Nxc2 30. Qxc2 cxd4 31. Rxd4 Nb4 32. Qe4 Rxd4 33. Qxe6+ Kf8
34. Rxd4 Rxd4 35. exd4 Nd3+ 36. Ke2 Nc1+ 37. Kd1 Nxb3 38. Ne3 Na5 39. Nf5 Nc6
40. Nd6 Qh5 41. Qc8+ Ke7 42. Qxc6 Qxh2 43. Nf5+ Kf7 44. Qd7+ 1-0

[Event "Washington Open"]
[Site "Chess.com"]
[Date "2020.05.25"]
[Round "?"]
[White "Semenov, Fedya"]
[Black "Nathan, Jacob"]
[Result "1/2-1/2"]
[WhiteElo "1803"]
[BlackElo "1984"]
[PlyCount "75"]
[EventDate "2020.??.??"]

1. e4 c5 2. Nf3 e6 3. d4 cxd4 4. Nxd4 Nc6 5. Nb5 d6 6. N1c3 a6 7. Nd4 Qc7 8.
Be3 Nf6 9. Be2 Be7 10. O-O O-O 11. f4 b5 12. Nxc6 Qxc6 13. Bf3 Bb7 14. e5 Nd5
15. Nxd5 exd5 16. exd6 Bxd6 17. Qd2 Rfe8 18. Bd4 Qc7 19. g3 Rac8 20. c3 a5 21.
Rad1 Bc5 22. Bxc5 Qxc5+ 23. Qd4 b4 24. cxb4 axb4 25. Qxc5 Rxc5 26. Rd4 b3 27.
axb3 Rc2 28. Rf2 Rc1+ 29. Kg2 h6 30. Bxd5 Rd8 31. Rfd2 Rxd5 32. Rxd5 Bxd5+ 33.
Rxd5 Rc2+ 34. Kh3 Rxb2 35. Rd8+ Kh7 36. Rb8 h5 37. g4 hxg4+ 38. Kxg4 1/2-1/2

[Event "Washington Open"]
[Site "Chess.com"]
[Date "2020.05.23"]
[Round "?"]
[White "Raptis, Nick"]
[Black "Gottumukkala, Anath"]
[Result "0-1"]
[WhiteElo "2393"]
[BlackElo "1785"]
[PlyCount "86"]
[EventDate "2020.??.??"]

1. d4 g6 2. e4 d6 3. Nc3 Nf6 4. Bg5 c6 5. Qd2 Nbd7 6. f4 d5 7. e5 Ne4 8. Nxe4
dxe4 9. Ne2 f6 10. Bh4 Bh6 11. Bf2 O-O 12. Be3 Nb6 13. Nc3 Nd5 14. Bc4 Kh8 15.
Nxd5 cxd5 16. Bb3 a5 17. a4 fxe5 18. fxe5 Bxe3 19. Qxe3 Be6 20. Rf1 Kg7 21.
Rxf8 Qxf8 22. Qf2 Qd8 23. Kf1 Qb6 24. Kg1 Rf8 25. Qe3 Rf5 26. Rf1 Rxe5 27. Rf4
Rf5 28. Rxf5 gxf5 29. Qg5+ Kf8 30. Qh6+ Ke8 31. Qg7 Qb4 32. h3 Kd7 33. Qe5 Qd6
34. Qg7 Qf4 35. Qe5 Qxe5 36. dxe5 Bf7 37. Kf2 Ke6 38. c3 Kxe5 39. g3 f4 40. h4
e3+ 41. Kf3 Bh5+ 42. g4 Bxg4+ 43. Kxg4 e2 0-1

[Event "Washington Open"]
[Site "Chess.com"]
[Date "2020.05.23"]
[Round "?"]
[White "Gottumukkala, Anath"]
[Black "Cohen, Lawrence"]
[Result "1-0"]
[WhiteElo "1785"]
[BlackElo "2000"]
[PlyCount "51"]
[EventDate "2020.??.??"]

1. e4 c5 2. d4 e6 3. Nf3 cxd4 4. c3 dxc3 5. Nxc3 a6 6. Bc4 b5 7. Bb3 Bb7 8. O-O
b4 9. Nd5 exd5 10. exd5 d6 11. Qd4 Nd7 12. Re1+ Ne7 13. Qxb4 Qb6 14. Qf4 O-O-O
15. Qxf7 Nc5 16. Be3 Qb5 17. Rac1 Kb8 18. Bc4 Qe8 19. Ng5 Nd7 20. Qxe8 Rxe8 21.
Nf7 Rg8 22. Nxd6 Rd8 23. Nxb7 Kxb7 24. d6 Nc6 25. Bxg8 Bxd6 26. Bd5 1-0

[Event "Washington Open"]
[Site "Chess.com"]
[Date "2020.05.24"]
[Round "?"]
[White "Sairam, Pranav"]
[Black "Gottumukkala, Anath"]
[Result "1-0"]
[WhiteElo "2087"]
[BlackElo "1785"]
[PlyCount "89"]
[EventDate "2020.??.??"]

1. e4 d6 2. d4 Nf6 3. Nc3 g6 4. Nf3 Bg7 5. Bc4 O-O 6. Bb3 Bg4 7. h3 Bxf3 8.
Qxf3 Nc6 9. Be3 e5 10. dxe5 dxe5 11. O-O Nd4 12. Bxd4 exd4 13. Ne2 Re8 14. Ng3
c5 15. Rfe1 Qc7 16. Bc4 Rab8 17. a4 Re7 18. c3 Nd7 19. cxd4 Bxd4 20. Ne2 Ne5
21. Qb3 Nxc4 22. Qxc4 Rxe4 23. Nxd4 Rxd4 24. Qc3 Rbd8 25. Rac1 b6 26. a5 Qd6
27. Qe3 b5 28. Qe5 Rd5 29. Qe3 a6 30. Re2 c4 31. Rce1 Rd1 32. Rxd1 Qxd1+ 33.
Kh2 Qd4 34. Qg5 Qd6+ 35. g3 Qc7 36. h4 h5 37. Qf6 Qxa5 38. Re7 Rf8 39. g4 hxg4
40. h5 b4 41. Re5 Qc7 42. h6 Qxe5+ 43. Qxe5 f6 44. Qe7 Rf7 45. Qe8+ 1-0

[Event "Washington Open"]
[Site "Chess.com"]
[Date "2020.05.24"]
[Round "?"]
[White "Gottumukkala, Anath"]
[Black "Razmov, Valentin"]
[Result "1-0"]
[WhiteElo "1785"]
[BlackElo "1986"]
[PlyCount "113"]
[EventDate "2020.??.??"]

1. e4 d5 2. exd5 Qxd5 3. Nc3 Qa5 4. g3 Nf6 5. Bg2 c6 6. Nf3 Bg4 7. h3 Bh5 8.
O-O e6 9. d3 Bd6 10. Re1 Nbd7 11. a3 O-O 12. Rb1 Qc7 13. Ne4 Nxe4 14. dxe4 Ne5
15. g4 Nxf3+ 16. Qxf3 Bg6 17. Qe2 Be5 18. Rf1 Bh2+ 19. Kh1 Bf4 20. Be3 Rfd8 21.
Rbd1 Bxe3 22. Qxe3 e5 23. Qg3 f6 24. g5 b6 25. gxf6 gxf6 26. Qg4 Kf7 27. Rde1
Qd7 28. Qh4 Qe6 29. f4 exf4 30. Rxf4 Kg7 31. e5 fxe5 32. Qg5 Re8 33. Rfe4 Qf6
34. Qg3 Kh8 35. Rxe5 Rxe5 36. Rxe5 Re8 37. Rxe8+ Bxe8 38. Qb8 Qe6 39. Kg1 Qe3+
40. Kh2 Qe6 41. Kg3 Qe3+ 42. Kg4 h5+ 43. Kf5 Qf2+ 44. Ke6 Qf7+ 45. Ke5 Qe7+ 46.
Kf4 Qf6+ 47. Ke4 Qg6+ 48. Ke3 Qe6+ 49. Kf3 Qd5+ 50. Ke3 Qe6+ 51. Kd3 Qd7+ 52.
Kc3 Qg7+ 53. Kb3 Qg8+ 54. c4 b5 55. Qe5+ Kh7 56. Be4+ Bg6 57. Qxh5+ 1-0

[Event "Washington Open"]
[Site "Chess.com"]
[Date "2020.05.25"]
[Round "?"]
[White "Gottumukkala, Anath"]
[Black "Merwin, Steven"]
[Result "0-1"]
[WhiteElo "1785"]
[BlackElo "1959"]
[PlyCount "102"]
[EventDate "2020.??.??"]

1. Nf3 Nc6 2. e4 e5 3. Bc4 Nf6 4. Ng5 d5 5. exd5 Na5 6. Bb5+ c6 7. dxc6 bxc6 8.
Bd3 Nd5 9. Nf3 Bd6 10. O-O O-O 11. Re1 Re8 12. Nc3 f5 13. Bf1 e4 14. Nd4 Nf6
15. g3 f4 16. d3 fxg3 17. hxg3 Bxg3 18. fxg3 Qxd4+ 19. Be3 Qd6 20. Bf4 Qd4+ 21.
Be3 Qd6 22. Kg2 Bg4 23. Be2 Nh5 24. Bf2 e3 25. Ne4 exf2 26. Bxg4 fxe1=Q 27.
Qxe1 Qe5 28. Bf3 Nf6 29. d4 Qxd4 30. Nxf6+ Qxf6 31. Qxa5 Qxb2 32. Rf1 Qxc2+ 33.
Rf2 Qc4 34. Qc7 Rec8 35. Qd7 Rf8 36. Qb7 Qb5 37. Qc7 Qb6 38. Qd7 Rad8 39. Qe7
Kh8 40. Re2 Qd4 41. Bxc6 Qf6 42. Qe4 Qf1+ 43. Kh2 Rf2+ 44. Rxf2 Qxf2+ 45. Kh3
Qf1+ 46. Kg4 Qd1+ 47. Kh3 Qh5+ 48. Kg2 Rd2+ 49. Kf1 Qd1+ 50. Qe1 Qxe1+ 51. Kxe1
Rxa2 0-1

[Event "Washington Open"]
[Site "Chess.com"]
[Date "2020.05.25"]
[Round "?"]
[White "Vijayakumar, Advaith"]
[Black "Gottumukkala, Anath"]
[Result "1/2-1/2"]
[WhiteElo "2026"]
[BlackElo "1785"]
[PlyCount "99"]
[EventDate "2020.??.??"]

1. d4 Nf6 2. c4 g6 3. g3 Bg7 4. Bg2 O-O 5. Nf3 d6 6. O-O Nbd7 7. Nc3 e5 8. Qc2
c6 9. Rd1 Qe7 10. b3 Re8 11. e4 exd4 12. Nxd4 Nc5 13. f3 Nfd7 14. Nce2 a5 15.
Rb1 Ne5 16. h3 h5 17. a3 Ne6 18. f4 Nxd4 19. Nxd4 Nd7 20. Bb2 Nc5 21. Re1 Bd7
22. Rbd1 b5 23. e5 bxc4 24. Nxc6 Bxc6 25. Bxc6 Nd3 26. Rxd3 cxd3 27. Qxd3 dxe5
28. Bxa8 Rxa8 29. Bxe5 Bxe5 30. fxe5 Rd8 31. Qe4 Qxa3 32. Qe3 a4 33. e6 Qxb3
34. e7 Qxe3+ 35. Rxe3 Re8 36. Kf2 f6 37. Kf3 Kf7 38. Re4 Ra8 39. e8=Q+ Rxe8 40.
Rxa4 Ke6 41. g4 h4 42. g5 fxg5 43. Re4+ Kf7 44. Rxe8 Kxe8 45. Kg4 Kf7 46. Kxg5
Kg7 47. Kxh4 Kh6 48. Kg4 g5 49. h4 gxh4 50. Kxh4 1/2-1/2

[Event "Washington Open"]
[Site "Chess.com"]
[Date "2020.05.23"]
[Round "?"]
[White "Lopez, Francisco"]
[Black "Sohal, Tanraj"]
[Result "0-1"]
[WhiteElo "1778"]
[BlackElo "2326"]
[PlyCount "110"]
[EventDate "2020.??.??"]

1. d4 Nf6 2. Bg5 d5 3. e3 e6 4. Bd3 c5 5. c3 Nc6 6. Nf3 Be7 7. Nbd2 h6 8. Bxf6
gxf6 9. Qe2 c4 10. Bc2 f5 11. O-O-O Qa5 12. Kb1 Bd7 13. Ne5 Nxe5 14. dxe5 b5
15. g4 fxg4 16. Qxg4 b4 17. cxb4 Qxb4 18. Ka1 Rb8 19. Qd4 Bc5 20. Qc3 Qb6 21.
Nf3 Bb4 22. Qd4 Qa5 23. Rhg1 Rb6 24. Rg4 Bc5 25. Qd2 Qb5 26. Bb1 Bb4 27. Qd4 c3
28. b3 Qa5 29. Rdg1 Rf8 30. Rc1 Qa3 31. Rc2 Qa5 32. Ne1 Bc5 33. Qxc3 Qxc3+ 34.
Rxc3 Bb4 35. Rc1 Bd2 36. Kb2 Bxc1+ 37. Kxc1 Ke7 38. Rg7 a5 39. Rh7 a4 40. Bc2
Rc8 41. Kd2 axb3 42. Bxb3 Ra8 43. Rxh6 Ba4 44. Bxd5 Rd8 45. e4 Rb1 46. Rh4 exd5
47. Nd3 dxe4 48. Rxe4 Bb5 49. Re3 Rxd3+ 50. Rxd3 Bxd3 51. Kxd3 Rb2 52. Ke3 Rxa2
53. h4 Ra4 54. f4 Ke6 55. h5 Kf5 0-1

[Event "Washington Open"]
[Site "Chess.com"]
[Date "2020.05.24"]
[Round "?"]
[White "Lopez, Francisco"]
[Black "Murray, David E"]
[Result "0-1"]
[WhiteElo "1778"]
[BlackElo "1924"]
[PlyCount "120"]
[EventDate "2020.??.??"]

1. d4 Nf6 2. Bg5 d5 3. e3 e6 4. Nd2 Be7 5. Bd3 Nbd7 6. f4 c5 7. c3 b6 8. Ngf3
Bb7 9. Ne5 a6 10. Qf3 h6 11. Bxf6 gxf6 12. Nxd7 Qxd7 13. a4 O-O-O 14. O-O h5
15. b3 Rdg8 16. Qe2 a5 17. Nf3 h4 18. Bb5 Bc6 19. h3 Bxb5 20. Qxb5 Qxb5 21.
axb5 Kb7 22. Rfc1 Rg3 23. Kf2 Rhg8 24. Rg1 f5 25. Ne5 f6 26. Nf3 Rh8 27. Nxh4
Rg7 28. Nf3 Bd6 29. Ra2 Rc7 30. Rc1 c4 31. bxc4 Rxc4 32. Nd2 Rc7 33. c4 Bb4 34.
Nf3 dxc4 35. Rac2 c3 36. d5 exd5 37. Nd4 Ba3 38. Rxc3 Bxc1 39. Nc6 Bd2 40. Rd3
Bb4 41. Rxd5 Rxc6 42. bxc6+ Kxc6 43. Rxf5 a4 44. Rxf6+ Kb5 45. Rf7 Ra8 46. Rd7
a3 47. Rd1 Kc4 48. Kf3 Bc3 49. g4 Kb3 50. Ke4 Kc2 51. Rh1 Bd2 52. Ra1 Bc3 53.
Rxa3 Rxa3 54. h4 Bd2 55. Kf5 Bxe3 56. h5 Ra4 57. Kg6 Bxf4 58. h6 Bxh6 59. Kxh6
Rxg4 60. Kh5 Rg1 0-1

[Event "Washington Open"]
[Site "Chess.com"]
[Date "2020.05.25"]
[Round "?"]
[White "Moore, Michael"]
[Black "Lopez, Francisco"]
[Result "1/2-1/2"]
[WhiteElo "1950"]
[BlackElo "1778"]
[PlyCount "87"]
[EventDate "2020.??.??"]

1. d4 Nf6 2. c4 g6 3. Nc3 Bg7 4. e4 d6 5. h3 O-O 6. Be3 e5 7. d5 a5 8. g4 Bd7
9. Nge2 b6 10. Ng3 Kh8 11. f3 Ng8 12. h4 f5 13. gxf5 gxf5 14. exf5 Nh6 15. Bg5
Qe8 16. f6 Rxf6 17. Bxf6 Bxf6 18. Nce4 Bg7 19. Qd2 Na6 20. Bd3 Nc5 21. Nxc5
bxc5 22. O-O-O a4 23. a3 Rb8 24. Be4 Ng8 25. Kb1 Bh6 26. Qc2 Nf6 27. Bf5 Be3
28. Bxd7 Nxd7 29. Nf5 Bf4 30. Rhg1 e4 31. Qxe4 Be5 32. Rd2 Nf6 33. Qc2 Rxb2+
34. Qxb2 Bxb2 35. Rxb2 h5 36. Rg7 Qc8 37. Rg5 Qe8 38. Ng7 Qe1+ 39. Ka2 Qxh4 40.
Ne6 Qxc4+ 41. Kb1 Qd3+ 42. Ka2 Qc4+ 43. Kb1 Qd3+ 44. Ka2 1/2-1/2

[Event "Washington Open"]
[Site "Chess.com"]
[Date "2020.05.25"]
[Round "?"]
[White "Lopez, Francisco"]
[Black "Min, Ryan"]
[Result "1-0"]
[WhiteElo "1778"]
[BlackElo "1915"]
[PlyCount "91"]
[EventDate "2020.??.??"]

1. d4 Nf6 2. Bg5 g6 3. Bxf6 exf6 4. e3 Bg7 5. Bc4 d5 6. Bb3 O-O 7. Nc3 c6 8. h4
h5 9. Nge2 f5 10. Nf4 Nd7 11. Nce2 Nf6 12. c4 dxc4 13. Bxc4 Kh7 14. Qc2 Bh6 15.
O-O-O Kg7 16. g3 b5 17. Bb3 Bd7 18. Kb1 a5 19. Qd3 Qb6 20. Ka1 a4 21. Bc2 b4
22. Bb1 Bxf4 23. gxf4 Be6 24. Ng3 b3 25. a3 Rfb8 26. Rhg1 Kh6 27. Qd2 Qa5 28.
Qe2 Nd5 29. Rc1 Nb4 30. Rc5 Qa7 31. Bxf5 Rb5 32. Rxb5 cxb5 33. Bxe6 Nc2+ 34.
Kb1 fxe6 35. Qxb5 Qc7 36. Qd3 Rc8 37. Ne2 Qf7 38. Rg5 Rc6 39. Nc3 e5 40. dxe5
Qf8 41. Nb5 Qc5 42. Rg1 Rb6 43. Nd6 Rxd6 44. exd6 Qf5 45. Qxf5 gxf5 46. d7 1-0

[Event "Washington Open"]
[Site "Chess.com"]
[Date "2020.05.23"]
[Round "?"]
[White "Huang, Patrick"]
[Black "Toppen-Ryan, Harrison"]
[Result "1-0"]
[WhiteElo "2247"]
[BlackElo "1771"]
[PlyCount "71"]
[EventDate "2020.??.??"]

1. d4 Nf6 2. Bf4 d5 3. e3 c5 4. c3 e6 5. Nd2 Nc6 6. Ngf3 Bd6 7. Bg3 O-O 8. Bd3
Re8 9. Ne5 Bxe5 10. dxe5 Nd7 11. h4 g6 12. Nf3 c4 13. Bc2 h5 14. Ba4 Nc5 15.
Bc2 a6 16. Bf4 Qc7 17. Rh3 Ne7 18. Rg3 b5 19. Nd4 Nf5 20. Nxf5 exf5 21. Qxh5
Ne6 22. Qh6 Nxf4 23. exf4 Qc5 24. h5 Qf8 25. Qg5 Qg7 26. hxg6 fxg6 27. Qxg6
Qxg6 28. Rxg6+ Kf7 29. Rf6+ Ke7 30. O-O-O Be6 31. Bxf5 Bxf5 32. Rxf5 Rad8 33.
Rh1 Kd7 34. Rh7+ Kc8 35. Rf6 a5 36. Ra6 1-0